Statistiques concernant Paroles Meuda - Tiakola

Cliquez ici pour prendre le quiz!

Statistiques générales

  • Ce quiz a été pris 557 fois
  • Le résultat moyen est 36 sur 52

Statistiques - réponses

RéponseRéponseRéponseRéponseRéponseRéponseRéponseRéponse% Correct
aYcéderj'suisYmurderpasségérants
96%
LelaC'estd'êtrepasIlsyvend
92%
Onlasaventestjepoingsnocheloin
91%
OnsorsnouspochestoutMeudanousd'histoire
91%
vaiciaideronvuunsauversors
89%
vaviequ'onàfaisetParfoisd'l'espace
89%
attendredansprêtOndefusilsestune
88%
attendredixd'personnereprisded'fill'tempsà
88%
Attendred'distractionahilsj'connaisposeaJ'suis
88%
faireYunvidévoixohl'malj'te
87%
fairepasd'personnevidésdevoirsbangersDieuPaname
87%
lesJ'suisestnousplusdesonSur
86%
lesàBesoinaavantcoupPasici
86%
couleramurderdesM'apprendsahmaisramène
85%
pasPanamepouradeuxd'assautsdanplanète
85%
pasd'assautsdesdeuxàd'personneupfusils
85%
etFaisbesoinontmesdesquedans
84%
etetilsond'histoiresnousvenuepoings
84%
doucementd'histoirespourleursj'aiverspourPas
83%
sansheurespourlerecevoirpourpourdix
78%
menacerÇanousGlockLogiquefairelesheures
75%
c'estl'heureforced'êtreJ'suisprêtenc'est
73%
mortdesqu'onLadanspourarrièrel'heure
72%
l'sangpasOhsacsrienÇaY
70%
ohvendaiderAvantj'peuxmurderregretsÇa
70%
recommencerc'estlaavantheyestd'retourd'Meuda
66%
YgérantsvaMéloPanameunLedes
65%
undeslablocFaisd'personneEllearmes
59%
MaisversLaisse-moideuxd'Meudalason
58%
maisposefaitonvendC'estElle
58%
queaOnunaOhc'estY
58%
Dieudesaenfantpasahlea
57%
inspirationbangersjalouxpasbeuhavecposé
57%
tombed'Meudaavecre-stadécevoirqu'onpasbeuh
57%
tondesdess'répètelapasa
57%
tonahonécouteheuresnousveutoh
57%
idoleÇaabienÇaaiderl'padreah
56%
selfiepoingstableIcipaspourestdes
56%
êtreohenquêtesfoisdixpourelled'assauts
55%
messaged'filbarresj'aigérantscéderpas
54%
messageunqu'ilsfoisdesonde
54%
peutmurderdisentauarmesdortblèmes-pro
54%
derniercoupdesl'terraindesvaveut
53%
dernierfairej'entendsdesavitPlein
53%
j'rigoledesonts'promènesorsaiderpouret
53%
qu'ununtaperSurl'heurequ'onelle
51%
Qu'unpourquandmarquéYOnoublier
51%
J'veuxfusilsfaitpasiciBesoinwhinedes
49%
qu'jadorearmesquittédud'distractionsbesoinpassédes
44%
Ah-aht'enleverIlsl'avenirstudiodeslala tess
42%
sache-leMeudamefoisc'estforcephone-tél
42%
sablebeuhpasunevoussaventala
40%

Distribution des résultats

Percentile par nombre de réponses

% des personnes avec chaque résultat

Votre développement - résultats

Vous n’avez pas pris ce quiz